[Event "IX EICC"]
[Site "Plovdiv BUL"]
[Date "2008.04.26"]
[Round "6"]
[White "Kourousis,E"]
[Black "Chigladze,I"]
[Result "1/2-1/2"]
[WhiteElo "2191"]
[BlackElo "2384"]
[EventDate "2008.04.21"]

1. d4 d5 2. c4 e6 3. Nf3 Nf6 4. Nc3 Be7 5. Bg5 h6 6. Bh4 O-O 7. e3 Ne4 8.
Bxe7 Qxe7 9. Rc1 c6 10. Bd3 Nxc3 11. Rxc3 dxc4 12. Bxc4 Nd7 13. O-O e5 14.
Qc2 Rd8 15. Rd1 exd4 16. Rxd4 Nb6 17. Rxd8+ Qxd8 18. Bb3 Qf6 19. Qe4 Bf5
20. Qe5 Qxe5 21. Nxe5 Be6 22. Bxe6 fxe6 23. Rd3 Kf8 24. Nd7+ Ke7 25. Nc5
Rb8 26. e4 Nc4 27. Rd4 Nb6 28. f4 g5 29. g3 Ke8 30. Kf2 g4 31. a4 a5 32. b3
Rc8 33. Nxb7 c5 34. Rd2 c4 35. Nxa5 cxb3 36. Nxb3 Nxa4 37. e5 Nc3 38. Kg2
Nb5 39. Rb2 Ke7 40. Nd2 Nc3 41. Rc2 Rd8 42. Nf1 Rd3 43. Rb2 Kf7 44. Rb7+
Kg6 45. Re7 Kf5 46. Rf7+ Ke4 47. h3 gxh3+ 48. Kxh3 Nd5 49. Kg2 h5 50. Kh3
Rd1 51. Nh2 Rd3 52. Kh4 Rd2 53. Kh3 Rd3 54. Kh4 1/2-1/2

[Event "IX EICC"]
[Site "Plovdiv BUL"]
[Date "2008.04.26"]
[Round "6"]
[White "Atakisi,U"]
[Black "Stanoev,A"]
[Result "1/2-1/2"]
[WhiteElo "2365"]
[BlackElo "2193"]
[EventDate "2008.04.21"]

1. e4 c5 2. Nf3 d6 3. d4 cxd4 4. Nxd4 Nf6 5. Nc3 a6 6. Bg5 e6 7. f4 Qb6 8.
Nb3 Be7 9. Qf3 Nbd7 10. O-O-O Qc7 11. Bd3 b5 12. a3 Bb7 13. Rhe1 O-O-O 14.
Qg3 h6 15. Bxf6 Nxf6 16. Qxg7 Nh5 17. Qg4 Nxf4 18. Kb1 Nxd3 19. Rxd3 Kb8
20. Qh5 Rd7 21. Rf1 Bf8 22. Rg3 Bc8 23. Na2 Rh7 24. Rc3 Qb6 25. Rcf3 Qc7
26. Nb4 Bb7 27. Rc3 Qb6 28. Rcf3 f5 29. Qe8+ Rd8 30. Qxe6 Bxe4 31. Rxf5 Re7
32. Qf6 Bxf5 33. Rxf5 Red7 34. Qc3 Rc8 35. Qf3 Bg7 36. Rf7 Rxf7 37. Qxf7
Be5 38. c3 a5 39. Nd5 Qg1+ 40. Ka2 a4 41. Na5 Qa7 42. Ne7 Qxa5 43. Nxc8
Kxc8 44. Qe8+ Kc7 45. Qe7+ Kc8 46. Qe8+ Qd8 47. Qc6+ Qc7 48. Qe8+ Qd8 49.
Qc6+ Qc7 1/2-1/2

[Event "IX EICC"]
[Site "Plovdiv BUL"]
[Date "2008.04.26"]
[Round "6"]
[White "Monev,A"]
[Black "Mihok,O"]
[Result "1/2-1/2"]
[WhiteElo "2038"]
[BlackElo "2352"]
[EventDate "2008.04.21"]

1. c4 Nf6 2. Nc3 c5 3. g3 d5 4. cxd5 Nxd5 5. Bg2 Nc7 6. d3 e5 7. Nf3 Nc6 8.
O-O Be7 9. Nd2 O-O 10. Nc4 f6 11. f4 exf4 12. Bxf4 Be6 13. Bxc6 bxc6 14.
Na5 Qd7 15. Qa4 Nb5 16. Nxc6 Qxc6 17. Qxb5 Qc8 18. Ne4 Bd5 19. Rac1 Qe6 20.
Nxc5 Qxe2 21. Rf2 Qh5 22. Ne6 a6 23. Qa5 Bb4 24. Qb6 Rac8 25. Nc7 Rb8 26.
Qd4 Rfd8 27. Nxd5 Rxd5 28. Qe4 Bd6 29. Bxd6 Rxd6 30. Qc4+ Qf7 31. Re2 Rbd8
32. Re7 Qxc4 33. dxc4 Rd2 34. c5 Kf8 35. Re3 Rxb2 36. c6 Rdd2 1/2-1/2

[Event "IX EICC"]
[Site "Plovdiv BUL"]
[Date "2008.04.26"]
[Round "6"]
[White "Stamenkov,V"]
[Black "Tzouganakis,P"]
[Result "1-0"]
[WhiteElo "2350"]
[BlackElo "1900"]
[EventDate "2008.04.21"]

1. d4 Nf6 2. Nf3 g6 3. g3 Bg7 4. Bg2 O-O 5. O-O d6 6. c4 Nbd7 7. Nc3 e5 8.
e4 c6 9. h3 Qb6 10. c5 dxc5 11. dxe5 Ne8 12. e6 fxe6 13. Ng5 Ne5 14. f4 Nf7
15. Nxf7 Bd4+ 16. Kh2 Rxf7 17. e5 a5 18. Ne4 a4 19. a3 Qc7 20. h4 b6 21.
Ng5 Rg7 22. Qf3 Bd7 23. Bh3 Qc8 24. h5 Nc7 25. Rh1 Kf8 26. Bf1 Ke7 27. Kg2
Qg8 28. Qg4 Kd8 29. Bd2 Nd5 30. Rb1 Kc7 31. Bd3 Be3 32. Qe2 Bd4 33. hxg6
hxg6 34. Rh6 Qe8 35. Qe4 Ne7 36. g4 Qc8 37. Rbh1 Bxb2 38. Rh7 Rxh7 39. Rxh7
Qe8 40. Qc4 Nd5 41. Qc2 Bxa3 42. Bxg6 Qc8 43. Bf7 Kb8 44. Rg7 Qa6 45. Bxe6
Qe2+ 46. Kg3 Ne3 47. Qb1 Nf1+ 48. Kh4 b5 49. Rxd7 Qh2+ 50. Nh3 Qg3+ 51. Kg5
Qxh3 52. Qg6 Qh8 53. Qf7 Ra6 54. Qe7 Nxd2 55. Rd8+ Qxd8 56. Qxd8+ Ka7 57.
Bc8 Ne4+ 58. Kg6 b4 59. Qc7+ Ka8 60. Qb7+ 1-0

[Event "IX EICC"]
[Site "Plovdiv BUL"]
[Date "2008.04.26"]
[Round "6"]
[White "Vedder,H"]
[Black "Hagesaether,A"]
[Result "1-0"]
[WhiteElo "2371"]
[BlackElo "2181"]
[EventDate "2008.04.21"]

1. e4 c6 2. d4 d5 3. Nd2 dxe4 4. Nxe4 Bf5 5. Ng3 Bg6 6. Bc4 e6 7. N1e2 Nf6
8. O-O Bd6 9. f4 Nbd7 10. f5 exf5 11. Nxf5 Bxf5 12. Rxf5 Qc7 13. Ng3 O-O-O
14. Bxf7 Nc5 15. Qf3 Qxf7 16. dxc5 Be7 17. Be3 Qc4 18. Re5 Nd5 19. Qe4 Qxe4
20. Rxe4 Bf6 21. Bf4 1-0

[Event "IX EICC"]
[Site "Plovdiv BUL"]
[Date "2008.04.26"]
[Round "6"]
[White "Bozinovic,Bob"]
[Black "Arnaudov,G"]
[Result "0-1"]
[WhiteElo "2134"]
[BlackElo "2369"]
[EventDate "2008.04.21"]

1. e4 c5 2. Nf3 e6 3. d4 cxd4 4. Nxd4 Nc6 5. Nb5 d6 6. c4 Nf6 7. N1c3 a6 8.
Na3 b6 9. Be2 Bb7 10. f3 Be7 11. O-O O-O 12. Be3 Re8 13. Nc2 Rc8 14. Qd2
Ne5 15. b3 Qc7 16. Bd4 Ned7 17. Rac1 d5 18. exd5 exd5 19. Nxd5 Nxd5 20.
cxd5 Bd6 21. Nb4 Bxh2+ 22. Kh1 Qd6 23. Rxc8 Bxc8 24. Qg5 f6 25. Qh5 Rxe2
26. f4 Re4 27. Nc6 g6 28. Qxh2 Qxd5 29. f5 Qxc6 30. fxg6 hxg6 31. Qh6 Rg4
32. Rf2 Qe4 0-1

[Event "IX EICC"]
[Site "Plovdiv BUL"]
[Date "2008.04.26"]
[Round "6"]
[White "Arnaudov,P"]
[Black "Bakalarz,M"]
[Result "0-1"]
[WhiteElo "2162"]
[BlackElo "2361"]
[EventDate "2008.04.21"]

1. e4 c5 2. Nc3 e6 3. g3 Nc6 4. Bg2 Nf6 5. d3 d5 6. exd5 Nxd5 7. Nge2 Nde7
8. O-O Nf5 9. Ne4 Be7 10. Nf4 O-O 11. c3 Kh8 12. Qe2 h6 13. Rd1 e5 14. Nh3
Be6 15. f4 Qd7 16. Nhf2 exf4 17. Bxf4 Rfe8 18. h3 Rac8 19. Ng4 Bd5 20. Qf2
b6 21. Rf1 Be6 22. Rad1 Rf8 23. b3 a5 24. Ne5 Nxe5 25. Bxe5 f6 26. Bf4 Nd6
27. Nxd6 Bxd6 28. Bxd6 Qxd6 29. d4 c4 30. d5 Bd7 31. Rc1 Rfe8 32. Kh2 b5
33. Rfe1 Rxe1 34. Qxe1 cxb3 35. axb3 a4 36. bxa4 bxa4 37. c4 Qc5 38. Qc3
Rb8 39. Qd2 a3 40. Rc3 Rb1 41. Re3 Rb2 42. Qc3 Bf5 43. Re8+ Kh7 44. g4 Qf2
45. Qg3 a2 46. Ra8 Be4 47. Qxf2 Rxf2 48. Kg3 Rxg2+ 49. Kf4 Re2 50. Ra7 a1=Q
0-1

[Event "IX EICC"]
[Site "Plovdiv BUL"]
[Date "2008.04.26"]
[Round "6"]
[White "Stavrianakis,I"]
[Black "Ramesa,D"]
[Result "0-1"]
[WhiteElo "2121"]
[BlackElo "2321"]
[EventDate "2008.04.21"]

1. d4 d5 2. c4 c6 3. Nf3 Nf6 4. Nc3 e6 5. Bg5 h6 6. Bxf6 Qxf6 7. e3 Nd7 8.
Be2 dxc4 9. Bxc4 g6 10. O-O Bg7 11. Rc1 O-O 12. e4 e5 13. d5 Rd8 14. Qe2
Nb6 15. Bb3 Bd7 16. Rfd1 Rac8 17. h3 c5 18. Nd2 Bf8 19. a4 Rb8 20. Nc4 Nxc4
21. Bxc4 a6 22. Rf1 Bd6 23. Kh2 Kg7 24. g3 Qg5 25. h4 Qf6 26. Kg2 h5 27.
Rce1 g5 28. hxg5 Qxg5 29. Rh1 Rh8 30. Rh4 Bg4 31. Qe3 Qg6 32. f4 exf4 33.
gxf4 Rbg8 34. e5 Be7 35. Rh2 Kf8 36. Kh1 h4 37. Bd3 Qh5 38. Be2 Bxe2 39.
Qxe2 Qxe2 40. Nxe2 c4 41. d6 Bd8 42. Rg1 b5 43. axb5 axb5 44. Rxg8+ Rxg8
45. Rg2 Rxg2 46. Kxg2 Ke8 47. Kf3 Kd7 48. f5 f6 49. Ke4 h3 50. Ng3 fxe5 51.
Kxe5 h2 0-1

[Event "IX EICC"]
[Site "Plovdiv BUL"]
[Date "2008.04.26"]
[Round "6"]
[White "Kounalakis,E"]
[Black "Sigalas,F"]
[Result "1-0"]
[WhiteElo "2099"]
[BlackElo "2250"]
[EventDate "2008.04.21"]

1. d4 e6 2. e4 d5 3. exd5 exd5 4. Bd3 Nc6 5. c3 Bd6 6. Ne2 Qh4 7. Nd2 Bg4
8. Nf1 Nge7 9. Ne3 Be6 10. g3 Qf6 11. f4 g6 12. Bd2 O-O-O 13. Qa4 Kb8 14.
O-O-O h5 15. Rhf1 Bf5 16. Bxf5 Nxf5 17. Rde1 Nxe3 18. Bxe3 Rhe8 19. Bd2 Qf5
20. Ng1 f6 21. Nf3 Re4 22. Nh4 Qg4 23. Qd1 Ne7 24. f5 Rxe1 25. Qxe1 g5 26.
Ng6 Nxf5 27. Qe6 Nh6 28. Qxf6 Re8 29. Ne5 Bxe5 30. dxe5 Ng8 31. Qxg5 Qc4
32. Rf4 Qxa2 33. Qxh5 Rd8 34. Qh4 Qa1+ 35. Kc2 Re8 36. Qh5 Rd8 37. Qg5 Re8
38. Qg6 Rd8 39. Qh7 Qa6 40. Qh4 Qg6+ 41. Kc1 Re8 42. Qg4 Qc6 43. Qg7 a5 44.
Rf8 1-0

[Event "IX EICC"]
[Site "Plovdiv BUL"]
[Date "2008.04.26"]
[Round "6"]
[White "Nitelea,B"]
[Black "Kokolias,K"]
[Result "0-1"]
[WhiteElo "2090"]
[BlackElo "2211"]
[EventDate "2008.04.21"]

1. e4 e5 2. Nf3 Nc6 3. Bc4 Bc5 4. c3 Nf6 5. d4 exd4 6. cxd4 Bb4+ 7. Bd2
Bxd2+ 8. Nbxd2 d5 9. exd5 Nxd5 10. Qb3 Na5 11. Qa4+ Nc6 12. Qb3 Nce7 13.
O-O O-O 14. Rfe1 c6 15. Ne5 Qb6 16. Qa3 h6 17. Rad1 a5 18. Nxf7 Rxf7 19.
Rxe7 Rxe7 20. Qxe7 Bg4 21. Nf3 Bxf3 22. gxf3 Qxb2 23. Qe4 Rf8 24. Rb1 Qa3
25. Bxd5+ cxd5 26. Qxd5+ Kh7 27. Rxb7 Qc1+ 28. Kg2 Rf6 29. Qe4+ Rg6+ 30.
Qxg6+ Kxg6 31. Rb6+ Kh7 32. Rb5 Qa3 33. d5 Qxa2 34. d6 Qd2 35. d7 a4 36.
Rb4 Qxd7 0-1

[Event "IX EICC"]
[Site "Plovdiv BUL"]
[Date "2008.04.26"]
[Round "6"]
[White "Vlashki,N"]
[Black "Kakkanas,E"]
[Result "1-0"]
[WhiteElo "2206"]
[BlackElo "2058"]
[EventDate "2008.04.21"]

1. c4 Nf6 2. Nc3 d5 3. cxd5 Nxd5 4. g3 e6 5. Bg2 c6 6. Nf3 Be7 7. O-O O-O
8. d4 Nd7 9. e4 Nxc3 10. bxc3 c5 11. a4 cxd4 12. cxd4 b6 13. a5 bxa5 14.
Bd2 Bb4 15. Bg5 f6 16. Be3 Ba6 17. Qb3 Qe7 18. Rfc1 Kh8 19. Rc6 Nb6 20.
Qxe6 Qxe6 21. Rxe6 Bc4 22. d5 a4 23. Bd2 Bc5 24. Be3 Rac8 25. Bxc5 Rxc5 26.
Nd4 Rc7 27. Bf1 g6 28. Rc6 Rxc6 29. dxc6 Bxf1 30. Kxf1 Rd8 31. Rd1 Rc8 32.
Ke2 Nc4 33. Rc1 Nd6 34. Kd3 Kg8 35. Ra1 Kf7 36. Rxa4 Rc7 37. Rb4 Ke7 38.
Rb8 Rc8 39. Rb7+ Kf8 40. Rxa7 Nf7 41. f4 h6 42. h4 Nd8 43. Ra6 Ke7 44. Kc4
g5 45. Kd5 gxh4 46. gxh4 Nf7 47. Nf5+ Kf8 48. Nd6 1-0

[Event "IX EICC"]
[Site "Plovdiv BUL"]
[Date "2008.04.26"]
[Round "6"]
[White "Ljangov,P"]
[Black "Ivanov,L"]
[Result "1/2-1/2"]
[WhiteElo "2192"]
[BlackElo "2020"]
[EventDate "2008.04.21"]

1. c4 Nf6 2. Nf3 e6 3. g3 d5 4. d4 c6 5. Qc2 Bd6 6. Bg2 O-O 7. O-O Nbd7 8.
Nbd2 Re8 9. b3 b6 10. cxd5 cxd5 11. Qc6 Qc7 12. Qxc7 Bxc7 13. Bb2 Ba6 14.
Rfc1 Rac8 15. e3 Bd6 16. h3 Rxc1+ 17. Rxc1 Rc8 18. Rxc8+ Bxc8 19. Ne5 Bb7
20. f4 Bb4 21. Nb1 Nxe5 22. fxe5 Ne4 23. Bxe4 dxe4 24. Bc3 Be7 25. Nd2 b5
26. Kf2 h5 27. Ba5 Kf8 28. Bc3 Ke8 29. Nb1 Bd5 30. Ke2 Kd7 31. Bb2 b4 32.
Nd2 a5 33. Nc4 Bxc4+ 34. bxc4 a4 35. Kd1 Kc6 36. Kc2 Kb6 37. Bc1 f6 38.
exf6 gxf6 39. g4 hxg4 40. hxg4 Kc6 41. Bd2 e5 42. Be1 Bf8 43. Bh4 exd4 44.
exd4 Bg7 45. Bf2 Bh6 46. d5+ Kd6 47. Bd4 Bf4 48. Bxf6 Be5 49. Bg5 Kc5 50.
Be7+ Bd6 51. Bxd6+ Kxd6 52. g5 e3 53. g6 b3+ 54. axb3 axb3+ 55. Kxb3 e2 56.
g7 e1=Q 57. g8=Q Qb1+ 58. Kc3 Qc1+ 59. Kd3 Qf1+ 60. Ke3 Qe1+ 61. Kf4 Qf2+
62. Ke4 Qc2+ 63. Kf3 Qd3+ 64. Kg2 Qe4+ 65. Kh2 Qh4+ 66. Kg2 Qe4+ 67. Kh2
Qh4+ 68. Kg1 Qe1+ 69. Kg2 Qe2+ 70. Kh3 Qf1+ 71. Kh2 Qe2+ 72. Kg3 Qe1+ 73.
Kf3 Qf1+ 74. Ke3 Qe1+ 75. Kd3 Qd1+ 76. Ke4 Qc2+ 77. Ke3 Qc1+ 78. Kf2 Qf4+
79. Kg1 Qe3+ 80. Kh2 Qe2+ 81. Kh1 Qh5+ 82. Kg2 Qe2+ 83. Kh3 Qf1+ 84. Kh2
Qe2+ 85. Kg3 Qe1+ 86. Kf4 Qf1+ 87. Ke3 Qe1+ 88. Kd3 Qd1+ 89. Kc3 Qc1+ 90.
Kb3 Qb1+ 91. Ka3 Qa1+ 92. Kb3 Qb1+ 93. Kc3 Qc1+ 94. Kd3 Qd1+ 95. Ke3 Qe1+
96. Kf4 Qf2+ 97. Ke4 Qc2+ 98. Ke3 Qc1+ 99. Kf2 Qf4+ 100. Kg1 Qe3+ 101. Kh2
Qe2+ 102. Kh3 Qf1+ 103. Kh2 Qe2+ 104. Kg3 Qd3+ 105. Kf2 Qf5+ 106. Ke3 Qe5+
107. Kd3 Qf5+ 108. Kc3 Qe5+ 109. Kb3 1/2-1/2

[Event "IX EICC"]
[Site "Plovdiv BUL"]
[Date "2008.04.26"]
[Round "6"]
[White "Ivanov L.,S"]
[Black "Medancic,R"]
[Result "0-1"]
[WhiteElo "2129"]
[BlackElo "2247"]
[EventDate "2008.04.21"]

1. e4 e5 2. Nf3 Nc6 3. Bb5 Nf6 4. O-O Be7 5. Re1 d6 6. d4 Bd7 7. c3 O-O 8.
h3 h6 9. Bf1 Re8 10. Nbd2 Bf8 11. a3 Nh7 12. Nc4 Nf6 13. Ncd2 Qe7 14. Bd3
g6 15. Nc4 Bg7 16. Ne3 Qd8 17. Nf1 a6 18. Bc2 Nh7 19. Be3 Qe7 20. Qd2 h5
21. Rad1 Rad8 22. Qe2 Qf6 23. Bc1 Kh8 24. Ne3 Ne7 25. dxe5 dxe5 26. Bb3 Be6
27. Rxd8 Rxd8 28. Rd1 Rxd1+ 29. Qxd1 Nc6 30. Bd5 Bxd5 31. Qxd5 Qe7 32. Qb3
Nd8 33. Qc4 c6 34. Qd3 b5 35. Nc2 Nf8 36. Be3 Nfe6 37. Bb6 Nb7 38. Nb4 Nbc5
39. Bxc5 Nxc5 40. Qe3 Qd6 41. Ne1 a5 42. Nbd3 Nb3 43. Nc1 Nc5 44. Ned3 Nd7
45. Nb3 a4 46. Nd2 Kh7 47. Nf3 Bh6 48. Qe2 f6 49. Kf1 Nb6 50. Nd2 Qe6 51.
Qd1 Qa2 52. Qb1 Qf7 53. Qc2 Qd7 54. Ke2 Qe6 55. Nc5 Qd6 56. Na6 c5 57. Qd3
Qc6 58. c4 bxc4 59. Nxc4 Qb5 60. Nxb6 Qxb2+ 61. Kf3 Qxb6 62. Qd7+ Bg7 63.
Qxa4 f5 64. exf5 gxf5 65. Kg3 e4 66. Kh2 Bd4 67. Qc4 Kg7 68. Qe2 Kg6 69.
Qc4 Kh6 70. Qc1+ Kh7 71. Qc4 Kh8 72. Qe2 Kg7 73. a4 h4 74. g3 hxg3+ 75.
Kxg3 Qb3+ 76. Kg2 Qxa4 77. Nc7 Qc6 78. Nb5 e3+ 79. f3 Qg6+ 80. Kh2 f4 81.
Nxd4 Qg3+ 82. Kh1 Qxh3+ 83. Kg1 cxd4 84. Qc4 Qg3+ 85. Kh1 Qxf3+ 86. Kg1 Qe4
87. Qc7+ Kh6 88. Qd8 d3 89. Kh2 e2 90. Qf6+ Kh5 91. Qh8+ Kg5 92. Qg7+ Qg6
93. Qe5+ Kg4 94. Kg2 Kh4+ 95. Kh1 Kg3 0-1

[Event "IX EICC"]
[Site "Plovdiv BUL"]
[Date "2008.04.26"]
[Round "6"]
[White "Gengler,P"]
[Black "Rigopoulos Tsigkos,A"]
[Result "1-0"]
[WhiteElo "2200"]
[BlackElo "1980"]
[EventDate "2008.04.21"]

1. e4 c5 2. Nf3 e6 3. g3 b6 4. Bg2 Bb7 5. Nc3 d6 6. O-O Nd7 7. d4 cxd4 8.
Nxd4 a6 9. Re1 Be7 10. e5 Bxg2 11. exd6 Bb7 12. dxe7 Nxe7 13. Rxe6 fxe6 14.
Nxe6 Qc8 15. Nxg7+ Kf7 16. Qh5+ Ng6 17. Nf5 Qc6 18. Ne4 Nf6 19. Nfd6+ Ke7
20. Bg5 Raf8 21. Qh6 Kd7 22. Qg7+ Ne7 23. Bxf6 Rxf6 24. Qxf6 Re8 25. Rd1
Nd5 26. Qf5+ Re6 27. Nxb7 1-0

[Event "IX EICC"]
[Site "Plovdiv BUL"]
[Date "2008.04.26"]
[Round "6"]
[White "Klokas,K"]
[Black "Petrusic,T"]
[Result "1-0"]
[WhiteElo "2160"]
[BlackElo "1956"]
[EventDate "2008.04.21"]

1. e4 e6 2. d4 d5 3. e5 c5 4. c3 Nc6 5. Nf3 Qb6 6. a3 c4 7. Nbd2 Na5 8. g3
Bd7 9. h4 h6 10. Bh3 Ne7 11. O-O O-O-O 12. Rb1 Kb8 13. h5 g6 14. Nh4 Rg8
15. Kh2 g5 16. Ng2 Nb3 17. Ne3 Bg7 18. f4 gxf4 19. gxf4 Bh8 20. Nxb3 cxb3
21. f5 exf5 22. Nxf5 Nxf5 23. Bxf5 f6 24. e6 Bxe6 25. Bxh6 Ka8 26. Qf3 Rde8
27. Rbe1 Bxf5 28. Qxf5 Rxe1 29. Rxe1 Qc7+ 30. Bf4 Qg7 31. Qg6 Qf8 32. Qf5
Qg7 33. Qh3 Qh7 34. Re2 Qb1 35. Rg2 Re8 36. Qe6 Qe4 37. Qxe4 dxe4 38. h6 a6
39. h7 Re7 40. Rg8+ Ka7 41. Rxh8 e3 42. Ra8+ 1-0

[Event "IX EICC"]
[Site "Plovdiv BUL"]
[Date "2008.04.27"]
[Round "7"]
[White "Vachier Lagrave,M"]
[Black "Kurnosov,I"]
[Result "1-0"]
[WhiteElo "2632"]
[BlackElo "2593"]
[EventDate "2008.04.21"]

1. e4 e5 2. Nf3 Nc6 3. Bb5 a6 4. Ba4 Nf6 5. O-O Be7 6. Re1 b5 7. Bb3 O-O 8.
c3 d5 9. exd5 Nxd5 10. Nxe5 Nxe5 11. Rxe5 c6 12. d4 Bd6 13. Re1 Qh4 14. g3
Qh3 15. Re4 g5 16. Qf1 Qxf1+ 17. Kxf1 Bf5 18. Nd2 h6 19. f3 Bxe4 20. fxe4
Nc7 21. Nf3 Kg7 22. Be3 a5 23. a4 f6 24. axb5 cxb5 25. Bc2 a4 26. d5 Be5
27. Bc5 Rf7 28. Kg2 Ne8 29. Bd3 Bd6 30. Bd4 Re7 31. b3 Nc7 32. c4 axb3 33.
Rxa8 Nxa8 34. c5 g4 35. Nd2 Be5 36. Nxb3 Ra7 37. d6 Ra2+ 38. Kf1 Kf7 39.
Bxb5 Ke6 40. Bxe5 fxe5 41. Nd4+ Kf6 42. d7 Ra1+ 43. Ke2 Ra2+ 44. Kd3 Ra3+
45. Kc4 Ke7 46. Ne6 1-0

[Event "IX EICC"]
[Site "Plovdiv BUL"]
[Date "2008.04.27"]
[Round "7"]
[White "Kokarev,Dm"]
[Black "Grachev,B"]
[Result "0-1"]
[WhiteElo "2579"]
[BlackElo "2610"]
[EventDate "2008.04.21"]

1. e4 c5 2. Nf3 e6 3. d4 cxd4 4. Nxd4 Nc6 5. Nc3 Qc7 6. Be3 Nf6 7. f4 Bb4
8. Ndb5 Qa5 9. e5 Nd5 10. Bd2 Nxc3 11. Nxc3 d5 12. a3 Be7 13. Bd3 Qb6 14.
Qg4 g6 15. O-O-O Bd7 16. Qg3 Rc8 17. h4 h5 18. Qe1 Na5 19. Be3 d4 20. Bf2
Nc4 21. Bxc4 Rxc4 22. Qe2 Rxc3 23. Bxd4 Rc5 24. b4 Qb5 25. Qxb5 Rxb5 26. c4
Rb6 27. Bxb6 axb6 28. g3 Bc6 29. Rhe1 O-O 30. Kb2 Ra8 31. Rc1 f6 32. exf6
Bxf6+ 33. Ka2 Kf7 34. b5 Bf3 35. Re3 Bg4 36. Rd3 Be7 37. Rd7 Rxa3+ 38. Kb2
Rxg3 39. Rxb7 Kf6 0-1

[Event "IX EICC"]
[Site "Plovdiv BUL"]
[Date "2008.04.27"]
[Round "7"]
[White "Lenic,L"]
[Black "Akopian,Vl"]
[Result "0-1"]
[WhiteElo "2584"]
[BlackElo "2673"]
[EventDate "2008.04.21"]

1. d4 Nf6 2. c4 e6 3. Nf3 c5 4. g3 cxd4 5. Nxd4 Bb4+ 6. Bd2 Qb6 7. Bxb4
Qxb4+ 8. Nc3 Nc6 9. Ndb5 O-O 10. e3 d5 11. a3 Qa5 12. b4 Qd8 13. Bg2 dxc4
14. O-O Qb6 15. Qd6 Bd7 16. Qf4 Nxb4 17. Rab1 Bxb5 18. Rxb4 a6 19. Rfb1 Qa5
20. Nxb5 axb5 21. Rxb5 Qc3 22. R5b4 Rac8 23. Bxb7 Nd5 24. Bxd5 exd5 25. a4
Qa3 26. Qf5 g6 27. Qc2 Rfd8 28. Kg2 Kg7 29. Rb7 d4 30. exd4 Rxd4 31. Qe2
Qd6 32. Qf3 Qf6 33. Rc1 Rd3 34. Qxf6+ Kxf6 35. a5 Ra3 36. Rb5 h5 37. Rb4 c3
38. Rb5 Ke6 39. Kf3 Kd6 40. Ke3 Kc6 41. Re5 f6 42. Re4 Kb5 43. Rd4 Kxa5 44.
Kd3 c2+ 45. Kd2 Rf3 46. Ke2 Rf5 47. f4 h4 48. Rd7 hxg3 49. hxg3 Rc3 50. Rb7
Rb5 51. Rxb5+ Kxb5 52. Kd2 Rxg3 53. Kxc2 Rg4 54. Kd3 Rxf4 55. Rc8 f5 56.
Ke3 Re4+ 57. Kf3 g5 58. Rf8 Re5 59. Rg8 f4 60. Kg4 Kc4 61. Ra8 Kd3 62. Ra3+
Ke2 63. Ra2+ Kf1 64. Ra1+ Kf2 65. Ra3 Re3 66. Ra2+ Re2 67. Ra3 Kg2 68. Kxg5
f3 69. Kf4 f2 70. Rg3+ Kf1 71. Ra3 Rb2 0-1

[Event "IX EICC"]
[Site "Plovdiv BUL"]
[Date "2008.04.27"]
[Round "7"]
[White "Papadopoulos,I"]
[Black "Kryvoruchko,Y"]
[Result "1/2-1/2"]
[WhiteElo "2471"]
[BlackElo "2612"]
[EventDate "2008.04.21"]

1. e4 c5 2. Nf3 e6 3. d4 cxd4 4. Nxd4 Nf6 5. Nc3 Nc6 6. Ndb5 d6 7. Bf4 e5
8. Bg5 a6 9. Na3 b5 10. Bxf6 gxf6 11. Nd5 f5 12. Bd3 Be6 13. c3 Bg7 14.
Nxb5 Bxd5 15. exd5 Ne7 16. Na3 O-O 17. O-O e4 18. Bc2 Rb8 19. Rb1 Qa5 20.
Bb3 1/2-1/2

[Event "IX EICC"]
[Site "Plovdiv BUL"]
[Date "2008.04.27"]
[Round "7"]
[White "Fedorov,Alex"]
[Black "Shanava,K"]
[Result "1/2-1/2"]
[WhiteElo "2603"]
[BlackElo "2519"]
[EventDate "2008.04.21"]

1. e4 c5 2. Nf3 Nc6 3. d4 cxd4 4. Nxd4 g6 5. Nc3 Bg7 6. Be3 Nf6 7. Bc4 Qa5
8. O-O O-O 9. Bb3 d6 10. h3 Bd7 11. Re1 Nxd4 12. Bxd4 Rfe8 13. Nd5 Nxd5 14.
Bxg7 Kxg7 15. exd5 Qb4 16. Re3 e5 17. dxe6 Bxe6 18. Qf3 Rf8 19. Rd1 Rae8
20. a3 Qb6 21. Qf4 d5 22. g4 Rd8 23. h4 d4 24. Red3 Bxb3 25. Rxb3 Qc6 26.
Rxd4 Rfe8 27. Re3 Qxc2 28. h5 Qc6 29. h6+ Kf8 30. Rxd8 Rxd8 31. Rf3 Rd1+
32. Kg2 Qd5 33. Qb4+ Ke8 34. Qc3 Kd7 35. Qf6 Ke8 36. Qc3 Kd7 37. Qe3 Rd4
38. Kg3 f6 39. Qb3 1/2-1/2

[Event "IX EICC"]
[Site "Plovdiv BUL"]
[Date "2008.04.27"]
[Round "7"]
[White "Swiercz,D"]
[Black "Damljanovic,B"]
[Result "0-1"]
[WhiteElo "2413"]
[BlackElo "2595"]
[EventDate "2008.04.21"]

1. e4 c5 2. Nf3 e6 3. d4 cxd4 4. Nxd4 Nc6 5. Nb5 d6 6. Bf4 e5 7. Be3 Be6 8.
N1c3 a6 9. Na3 Nf6 10. Nc4 b5 11. Nb6 Rb8 12. Nbd5 Ng4 13. Be2 Nxe3 14.
Nxe3 g6 15. a4 Nd4 16. axb5 axb5 17. Ncd5 Bh6 18. c3 Bxe3 19. Nxe3 Nxe2 20.
Qxe2 O-O 21. O-O f5 22. exf5 gxf5 23. f4 Qb6 24. Kh1 Rbe8 25. Qd2 Kh8 26.
Rf3 Bc8 27. Raf1 Bb7 28. Rg3 Be4 29. Rg5 d5 30. fxe5 f4 31. Ng4 f3 32. Rf2
fxg2+ 33. Kg1 Rxf2 34. Qxf2 Ra8 35. Rg8+ Kxg8 36. Nf6+ Qxf6 37. Qxf6 Ra1+
0-1

[Event "IX EICC"]
[Site "Plovdiv BUL"]
[Date "2008.04.27"]
[Round "7"]
[White "Nyback,T"]
[Black "Sebenik,M"]
[Result "1-0"]
[WhiteElo "2587"]
[BlackElo "2502"]
[EventDate "2008.04.21"]

1. d4 Nf6 2. c4 g6 3. Nc3 c5 4. d5 d6 5. e4 Bg7 6. Bd3 O-O 7. h3 e6 8. Nf3
Na6 9. O-O Nc7 10. Re1 a6 11. a4 b6 12. Bf4 e5 13. Bg5 Bd7 14. a5 bxa5 15.
Qd2 Rb8 16. Rxa5 h6 17. Bxh6 Bxh6 18. Qxh6 Rxb2 19. Ra3 Qe7 20. Nh4 Nh5 21.
Nf5 Qf6 22. Nd1 Rb6 23. Bc2 gxf5 24. Rg3+ Nxg3 25. Qxf6 Nh5 26. Qe7 1-0

[Event "IX EICC"]
[Site "Plovdiv BUL"]
[Date "2008.04.27"]
[Round "7"]
[White "Potkin,V"]
[Black "Jianu,V"]
[Result "1/2-1/2"]
[WhiteElo "2617"]
[BlackElo "2531"]
[EventDate "2008.04.21"]

1. d4 Nf6 2. Nf3 c5 3. d5 b5 4. Bg5 Qb6 5. a4 Bb7 6. axb5 Nxd5 7. e4 Nf6 8.
e5 h6 9. Bc1 Nd5 10. Nc3 Nxc3 11. bxc3 g5 12. Bd3 Bg7 13. O-O d5 14. c4 Nd7
15. Re1 g4 16. Nh4 Bxe5 17. Ra3 h5 18. cxd5 Bxd5 19. Nf5 e6 20. Ne3 O-O-O
21. Nxd5 exd5 22. Ra6 Qb7 23. Bf5 Rhe8 24. Bg5 f6 25. Bxf6 Bxf6 26. Rxe8
Rxe8 27. Rxf6 Qxb5 28. Rf7 Rd8 29. h3 Qc6 30. hxg4 hxg4 31. Qxg4 a5 32. Be6
a4 33. Qf5 a3 34. Bxd5 Qd6 35. g4 Re8 36. g5 Re5 37. Rxd7 Rxd5 38. Rxd6+
Rxf5 39. Ra6 Rxg5+ 40. Kf1 Rg4 41. Rxa3 Rc4 42. c3 Kc7 43. Ke2 Kd6 44. Kd3
Rf4 45. Ke3 Rc4 46. Kd3 Rf4 47. Ra2 Kd5 48. Ke3 Re4+ 49. Kf3 Rc4 50. Ra3
Rh4 51. Ke2 Re4+ 52. Kf3 Re1 53. Kg4 Rf1 54. f3 Rf2 55. Kf4 Rg2 56. Ke3 Kc4
57. f4 Rg3+ 58. Ke2 Rh3 59. Kd2 Rf3 60. Ra4+ Kd5 61. Kc2 c4 62. Ra5+ Ke4
63. Re5+ Kxf4 64. Re2 Rf1 65. Kb2 Rf3 66. Re8 Re3 67. Rc8 Re4 68. Ka3 Ke5
69. Rd8 Ke6 70. Kb4 Rh4 71. Kc5 Ke7 72. Rd1 Rg4 73. Rd5 Ke6 74. Rd2 Rh4 75.
Kc6 Rh3 76. Rc2 Re3 77. Kc5 Re4 78. Rd2 Rh4 79. Rd6+ Ke7 80. Rd5 Ke6 81.
Rd1 Ke7 82. Rd4 Rxd4 83. Kxd4 Kd6 84. Kxc4 Kc6 1/2-1/2

[Event "IX EICC"]
[Site "Plovdiv BUL"]
[Date "2008.04.27"]
[Round "7"]
[White "Brkic,A"]
[Black "Huzman,A"]
[Result "1/2-1/2"]
[WhiteElo "2521"]
[BlackElo "2602"]
[EventDate "2008.04.21"]

1. e4 e5 2. Nf3 Nf6 3. Nxe5 d6 4. Nf3 Nxe4 5. d4 d5 6. Bd3 Be7 7. O-O Nc6
8. Nc3 Nxc3 9. bxc3 Bg4 10. Rb1 Rb8 11. Re1 O-O 12. Bf4 Bd6 13. h3 Bh5 14.
Bxd6 Qxd6 15. Re3 f5 16. Qe2 Rf6 17. Re1 f4 18. Re6 Rxe6 19. Qxe6+ Qxe6 20.
Rxe6 Bxf3 21. gxf3 Kf7 22. Re1 g6 23. h4 Rd8 24. h5 gxh5 25. Kg2 Rg8+ 26.
Kh3 h6 27. Bf5 Kf6 28. Bd7 Rd8 29. Bxc6 bxc6 30. Re5 Rb8 31. Rxh5 Kg6 32.
Re5 Kf6 33. Rh5 Kg6 1/2-1/2

[Event "IX EICC"]
[Site "Plovdiv BUL"]
[Date "2008.04.27"]
[Round "7"]
[White "Bosiocic,Mari"]
[Black "Mastrovasilis,D"]
[Result "1/2-1/2"]
[WhiteElo "2503"]
[BlackElo "2580"]
[EventDate "2008.04.21"]

1. e4 e5 2. Nf3 Nc6 3. Bb5 Nf6 4. O-O Nxe4 5. d4 Nd6 6. Bxc6 dxc6 7. dxe5
Nf5 8. Qxd8+ Kxd8 9. Nc3 Ne7 10. Nd4 c5 11. Nf3 Bf5 12. Ng5 Ke8 13. e6 f6
14. Nge4 Nc6 15. Re1 Nd4 16. Nd5 Nxc2 17. Nxc7+ Ke7 18. Bf4 Rd8 19. Nc3
Nxa1 20. N3d5+ Rxd5 21. Nxd5+ Kd8 22. e7+ Bxe7 23. Rxe7 Bd7 24. Rxg7 Nc2
25. Nxf6 Bc6 26. Bd6 c4 27. Rxh7 Rxh7 28. Nxh7 Ne1 29. f3 Nd3 30. Ng5 Kd7
31. Bb8 Nxb2 32. Bxa7 c3 33. Be3 c2 34. h4 Nd3 35. h5 c1=Q+ 36. Bxc1 Nxc1
37. h6 Ne2+ 38. Kf2 Nf4 39. h7 Ng6 40. f4 Ke7 41. g4 Kf6 42. Kg3 Bd5 43. a3
Kg7 44. f5 Nf8 45. f6+ Kh8 46. Kf4 Ne6+ 47. Ke5 Nxg5 48. Kxd5 Kxh7 49. Kd6
Kg6 50. Kc7 Kxf6 51. Kxb7 Ne4 52. Kc6 Nc3 53. Kc5 Kg5 54. Kc4 Na4 55. Kb4
1/2-1/2